Acercamientos críticos en torno al Quijote.

Zapisane w:
Opis bibliograficzny
1. autor: Godoy Gallardo, Eduardo (autor)
organizacja autorów: Embajada de España en Chile (autor), Centro cultural de España en Santiago (autor)
Format: Książka
Język:hiszpański
Wydane: Valparaíso, Chile Imprenta Libra 2005
Wydanie:Primera edición
Hasła przedmiotowe:
Etykiety: Dodaj etykietę
Nie ma etykietki, Dołącz pierwszą etykiete!

MARC

LEADER 00000nam a2200000 a 4500
001 UCI4537
003 CL-VaPUC
005 20241114165351.0
008 080118e20050000CL |||||||||||||||||spa|d
999 |c 328442  |d 328440 
020 |a 9562999858 
040 |c Pontificia Universidad Católica de Valparaíso 
082 0 4 |a Ch864 GOD 2005  |2 21 
100 |a Godoy Gallardo, Eduardo   |e autor  |9 887659 
110 2 |a Embajada de España en Chile  |e autor  |9 526483 
245 1 0 |a Acercamientos críticos en torno al Quijote. 
250 |a Primera edición 
260 0 3 |a Valparaíso, Chile  |b Imprenta Libra  |c 2005 
300 |a 174 páginas 
583 |a last modification  |c 20130912 01:48:27  |k Rodrigo Vera 
600 0 7 |a DON QUIJOTE  |2 CL-VaPUC  |9 517664 
650 0 |a Literatura española  |9 306261 
650 0 |a Archivo histórico PUCV  |9 255554 
650 0 |a Académicos   |x Pontificia Universidad Católica de Valparaíso (PUCV)  |9 255553 
710 2 |a Centro cultural de España en Santiago  |e autor  |9 526484 
942 |c BK  |2 ddc 
945 |d 20080118 00:00:00  |a fvergara 
952 |0 0  |1 0  |2 ddc  |4 0  |6 CH_864_000000000000000_GOD_2005  |7 0  |8 X  |9 412361  |a FDOBUD  |b FDOBUD  |d 2019-11-22  |i 1085735  |o Ch864 GOD 2005  |p 1085735  |r 2019-11-22  |t 1  |w 2019-11-22  |y BK_X  |k BUD 
952 |0 0  |1 0  |2 ddc  |4 0  |6 CH_864_000000000000000_GOD_2005  |7 0  |8 A  |9 412362  |a BIBEDU  |b BIBEDU  |d 2019-11-22  |i 4508297  |o Ch864 GOD 2005  |p 4508297  |r 2019-11-22  |t 3  |w 2019-11-22  |y BK  |k LIT 
952 |0 0  |1 0  |2 ddc  |4 0  |6 CH_864_000000000000000_GOD_2005  |7 0  |8 A  |9 412363  |a BIBEDU  |b BIBEDU  |d 2019-11-22  |i 4508289  |o Ch864 GOD 2005  |p 4508289  |r 2019-11-22  |t 2  |w 2019-11-22  |y BK  |k LIT